Catalog

Record Details

Catalog Search



The Sleeping Beauty killer : an under suspicion novel  Cover Image Book Book

The Sleeping Beauty killer : an under suspicion novel / Mary Higgins Clark and Alafair Burke.

Clark, Mary Higgins,: (author.). Burke, Alafair, (author.).

Summary:

Casey Carter was convicted of murdering her fiancé—famed philanthropist Hunter Raleigh III—fifteen years ago. And Casey claims—has always claimed—she’s innocent. Although she was charged and served out her sentence in prison, she is still living “under suspicion.” She hears whispers at the grocery store. She can’t get a job. Even her own mother treats her like she’s guilty. Her story attracts the attention of Laurie Moran and the Under Suspicion news team—it’s Casey’s last chance to finally clear her name, and Laurie pledges to exonerate her. With Alex Buckley taking a break from the show—cooling his potential romance with Laurie—Under Suspicion introduces a new on-air host named Ryan Nichols, a young legal whiz with a Harvard Law degree, Supreme Court clerkship, experience as a federal prosecutor, and regular stints on the cable news circuit. He’s got a big reputation and the attitude to match it. Ryan has no problems with steering—and stealing—the show, and even tries to stop Laurie from taking on Casey’s case because he’s so certain she’s guilty. An egomaniacal new co-host, a relentless gossip columnist who seems to have all the dirt (and a surprising informant), and Casey’s longstanding bad reputation: Laurie must face this and more to do what she believes is right, to once and for all prove Casey’s innocence—that is, if she’s innocent… The Sleeping Beauty Killer will keep you guessing until the very end.

Record details

  • ISBN: 9781501108587
  • ISBN: 1501108581
  • ISBN: 147115419X
  • ISBN: 9781471154195
  • Physical Description: 301 pages ; 24 cm.
  • Edition: First Simon & Schuster hardcover edition.
  • Publisher: New York : Simon & Schuster, ©2016.
Subject: Women television producers and directors > Fiction.
Television producers and directors > Fiction.
Television programs > Fiction.
Cold cases (Criminal investigation) > Fiction.
Murder > Investigation > Fiction.
Genre: Suspense fiction.
Detective and mystery fiction.
Thrillers (Fiction)

Available copies

  • 1 of 1 copy available at scottsboropl.

Holds

  • 0 current holds with 1 total copy.
Show Only Available Copies
Location Call Number / Copy Notes Barcode Shelving Location Status Due Date
scottsboropl F Cla 32269000999998 Adult - Fiction Available -

LDR 03210nam a2200481Ii 4500
001142357
003SBPL
00520220808155810.0
008160826t20162016nyu 000 f eng
010 . ‡a 2016040599
020 . ‡a9781501108587 ‡q(hardcover)
020 . ‡a1501108581 ‡q(hardcover)
020 . ‡z1501108603
020 . ‡a147115419X
020 . ‡a9781471154195
035 . ‡a(CONS)142357
035 . ‡a(CPomAG)LMN596960
050 4. ‡aPS3553.L287 ‡bS544 2016
08204. ‡a813/.54 ‡223
1001 . ‡aClark, Mary Higgins,: ‡eauthor.
24514. ‡aThe Sleeping Beauty killer : ‡ban under suspicion novel / ‡cMary Higgins Clark and Alafair Burke.
250 . ‡aFirst Simon & Schuster hardcover edition.
264 1. ‡aNew York : ‡bSimon & Schuster, ‡c©2016.
300 . ‡a301 pages ; ‡c24 cm.
336 . ‡atext ‡btxt ‡2rdacontent
337 . ‡aunmediated ‡bn ‡2rdamedia
338 . ‡avolume ‡bnc ‡2rdacarrier
4901 . ‡aAn under suspicion novel ; ‡vBk 4
520 . ‡aCasey Carter was convicted of murdering her fiancé—famed philanthropist Hunter Raleigh III—fifteen years ago. And Casey claims—has always claimed—she’s innocent. Although she was charged and served out her sentence in prison, she is still living “under suspicion.” She hears whispers at the grocery store. She can’t get a job. Even her own mother treats her like she’s guilty. Her story attracts the attention of Laurie Moran and the Under Suspicion news team—it’s Casey’s last chance to finally clear her name, and Laurie pledges to exonerate her. With Alex Buckley taking a break from the show—cooling his potential romance with Laurie—Under Suspicion introduces a new on-air host named Ryan Nichols, a young legal whiz with a Harvard Law degree, Supreme Court clerkship, experience as a federal prosecutor, and regular stints on the cable news circuit. He’s got a big reputation and the attitude to match it. Ryan has no problems with steering—and stealing—the show, and even tries to stop Laurie from taking on Casey’s case because he’s so certain she’s guilty. An egomaniacal new co-host, a relentless gossip columnist who seems to have all the dirt (and a surprising informant), and Casey’s longstanding bad reputation: Laurie must face this and more to do what she believes is right, to once and for all prove Casey’s innocence—that is, if she’s innocent… The Sleeping Beauty Killer will keep you guessing until the very end.
650 0. ‡aWomen television producers and directors ‡vFiction.
650 0. ‡aTelevision producers and directors ‡vFiction.
650 0. ‡aTelevision programs ‡vFiction.
650 0. ‡aCold cases (Criminal investigation) ‡vFiction.
650 0. ‡aMurder ‡xInvestigation ‡vFiction.
655 7. ‡aSuspense fiction. ‡2gsafd
655 7. ‡aDetective and mystery fiction. ‡2lcgft
655 7. ‡aThrillers (Fiction) ‡2lcgft
7001 . ‡aBurke, Alafair, ‡eauthor.
8001 . ‡aClark, Mary Higgins. ‡tUnder suspicion novel ; ‡vBk 4.
901 . ‡a142357 ‡bUnknown ‡c142357 ‡tbiblio

Additional Resources